000 00468nam a2200157 i 4500
001 81931
003 ES-MaACL
005 20230906174534.0
007 t|
008 041108s1971 sp ||||1| spa d
100 1 _aIglesias Rivas, Manuel E.
_965133
245 1 0 _aEntre luces y sombras (visión cristiana de la realidad) /
_cManuel E. Iglesias Rivas.
260 _aBilbao :
_bMensajero,
_c[1971]
300 _a204 p. ;
_c19 cm.
852 _aES-MaACL
_jC-39313
_bR.78933
999 _c81931
_d81931